100 Books, 100 Authors Quiz Stats

 Plays Quiz Updated Jul 25, 2014

Support Sporcle.
Go Orange.
Score 0/100 Timer 15:00
0 Plays Today
Book Author % Correct
HamletWilliam Shakespeare
88.1%
Harry Potter and the Sorcerer's StoneJ.K. Rowling
87.3%
A Tale of Two CitiesCharles Dickens
83.6%
Adventures of Huckleberry FinnMark Twain
82.9%
The HobbitJ.R.R. Tolkien
82.5%
Animal FarmGeorge Orwell
82.4%
The IliadHomer
81.9%
FrankensteinMary Shelley
81.8%
Pride and PrejudiceJane Austen
81.7%
To Kill a MockingbirdHarper Lee
80.4%
Charlie and the Chocolate FactoryRoald Dahl
79.9%
Wuthering HeightsEmily Brontë
79.6%
The Great GatsbyF. Scott Fitzgerald
79.3%
Jane EyreCharlotte Brontë
79.3%
The Da Vinci CodeDan Brown
79.3%
War and PeaceLeo Tolstoy
78.8%
The ShiningStephen King
77.9%
The Lion, the Witch and the WardrobeC.S. Lewis
77.5%
The Old Man and the SeaErnest Hemingway
75.8%
The Grapes of WrathJohn Steinbeck
75%
The Catcher in the RyeJ.D. Salinger
75%
Murder on the Orient ExpressAgatha Christie
74.9%
Alice's Adventures in WonderlandLewis Carroll
74.3%
DraculaBram Stoker
73.9%
Les MiserablesVictor Hugo
73.7%
The Divine ComedyDante Alighieri
72.7%
The Jungle BookRudyard Kipling
71.6%
Moby-DickHerman Melville
71.2%
The Hound of the BaskervillesArthur Conan Doyle
70.8%
The Canterbury TalesGeoffrey Chaucer
70.6%
20,000 Leagues Under the SeaJules Verne
70.6%
Winnie-the-PoohA.A. Milne
70.2%
UlyssesJames Joyce
69.5%
Brave New WorldAldous Huxley
69.5%
Book Author % Correct
Treasure IslandRobert Louis Stevenson
69.1%
The Three MusketeersAlexandre Dumas
68%
Little WomenLouisa May Alcott
67.4%
The Picture of Dorian GrayOscar Wilde
66.2%
The Time MachineH.G. Wells
65.9%
Lord of the FliesWilliam Golding
65.3%
The Call of the WildJack London
64.7%
Slaughterhouse-FiveKurt Vonnegut
64.5%
The Scarlet LetterNathaniel Hawthorne
64.1%
Death of a SalesmanArthur Miller
63%
Atlas ShruggedAyn Rand
62.7%
Crime and PunishmentFyodor Dostoyevsky
62.5%
Paradise LostJohn Milton
62.5%
Catch-22Joseph Heller
62.3%
The MetamorphosisFranz Kafka
62.1%
Fahrenheit 451Ray Bradbury
61.9%
Don QuixoteMiguel de Cervantes
61.7%
Gone with the WindMargaret Mitchell
61.2%
Heart of DarknessJoseph Conrad
60.9%
Jurassic ParkMichael Crichton
60.9%
Charlotte's WebE.B. White
60.5%
The Hitchhiker's Guide to the GalaxyDouglas Adams
60.4%
Uncle Tom's CabinHarriet Beecher Stowe
60.1%
Gulliver's TravelsJonathan Swift
60.1%
In Cold BloodTruman Capote
59.7%
The Wonderful Wizard of OzL. Frank Baum
59.6%
Robinson CrusoeDaniel Defoe
59.2%
LolitaVladimir Nabokov
57.7%
CandideVoltaire
54.6%
The Sound and the FuryWilliam Faulkner
53.2%
Tess of the D'UrbervillesThomas Hardy
52.8%
One Hundred Years of SolitudeGabriel Garcia Marquez
52.7%
The Handmaid's TaleMargaret Atwood
52.2%
PygmalionGeorge Bernard Shaw
51.7%
Book Author % Correct
To the LighthouseVirginia Woolf
51.5%
BelovedToni Morrison
51.2%
WaldenHenry David Thoreau
51.2%
The Glass MenagerieTennessee Williams
50%
The AeneidVirgil
49.9%
Leaves of GrassWalt Whitman
49.3%
A Clockwork OrangeAnthony Burgess
48.6%
Lady Chatterley's LoverD.H. Lawrence
47.5%
The Color PurpleAlice Walker
47.3%
The JungleUpton Sinclair
45.2%
The Last of the MohicansJames Fenimore Cooper
44.4%
RebeccaDaphne du Maurier
44.4%
Rabbit, RunJohn Updike
41.7%
Oedipus the KingSophocles
41.5%
Invisible ManRalph Ellison
41.2%
Vanity FairWilliam Makepeace Thackeray
40.5%
Brideshead RevisitedEvelyn Waugh
39.2%
Silas MarnerGeorge Eliot
39.2%
The Red Badge of CourageStephen Crane
39%
A Room with a ViewE.M. Forster
38.5%
Angela's AshesFrank McCourt
37.8%
Anne of Green GablesLucy Maud Montgomery
37.1%
The Turn of the ScrewHenry James
35.5%
My AntoniaWilla Cather
33.6%
Their Eyes Were Watching GodZora Neale Hurston
33.4%
The Secret GardenFrances Hodgson Burnett
32.1%
Ethan FromeEdith Wharton
30.6%
The Pillars of the EarthKen Follett
28.9%
The Once and Future KingT.H. White
27.2%
A Separate PeaceJohn Knowles
23.7%
The Secret Life of BeesSue Monk Kidd
23.1%
Girl with a Pearl EarringTracy Chevalier
21.5%

You're not logged in!

Compare scores with friends on all Sporcle quizzes.
OR
Log In

From the Vault

NES Games by Screenshots

by El_Dandy

Don't forget to blow in the cartridge before you play this one.
Remove Ads.
Support Sporcle.
Get the best of Sporcle when you Go Orange. This ad-free experience offers more features, more stats, and more fun while also helping to support Sporcle. Thank you for becoming a member.

Show Comments

Extras

Top Quizzes Today


Score Distribution

Your Account Isn't Verified!

In order to create a playlist on Sporcle, you need to verify the email address you used during registration. Go to your Sporcle Settings to finish the process.

Report this User

Report this user for behavior that violates our Community Guidelines.

Details: